| 000 | 01257nam0a22002651 4500 | ||
|---|---|---|---|
| 001 | rc\4388630 | ||
| 005 | 20130416145251.9 | ||
| 021 |
_aRU _bРг6526-59 |
||
| 035 | _a(NLR Aleph) 008292932 | ||
| 090 |
_a8587639 _c8587639 |
||
| 100 | _a20130416d1959 |||y0rusy50 ca | ||
| 101 | 0 | _arus | |
| 102 | _aRU | ||
| 105 | _aa z ||||| | ||
| 200 | 1 |
_aРуководство к лабораторным работам по специальному курсу "Гидравлика" _eДля студентов электроэнергет. фак. специальности "Гидроэнергет. установки" _fМ-во высш. и сред. спец. образ. РСФСР. Всесоюз. заоч. энерг. ин-т. Кафедра гидравлики и гидроэнергетики |
|
| 210 |
_aМосква _cБ. и. _d1959 |
||
| 215 |
_a50 с. _cчерт. _d20 |
||
| 300 | _aСост. указан в вып. дан. | ||
| 700 | 1 |
_aГетманов _bК. П. _gКонстантин Павлович _4220 |
|
| 712 | 0 | 2 |
_aВсесоюзный заочный энергетический институт _3RU\NLR\AUTH\889933741 |
| 801 | 0 |
_aRU _bNLR _gpsbo |
|
| 801 | 1 |
_aRU _bELAR _2rusmarc |
|
| 852 |
_aNLR _j59-4/14862 |
||
| 942 | _cBOOK | ||
| 980 | _aNB | ||